000 00333nam a2200145Ia 4500
100 _aMoltershead/Allen
250 _a9
942 _cBK
654 _aelectronic
245 _aElectronic devices and circuits
260 _bPrentice Hall of India
_aNew Delhi
_c1973
082 _a621.38132
_bMOT
300 _a641
546 _aENGLISH
999 _c22849
_d22849